02004nab a2200301 i 4500003000900000005001700009008004100026040001800067072001400085072000800099072000800107100002800115100003100143100003200174100003100206100002700237245009500264500007000359520090700429650001201336650002501348650001101373650001301384650002401397650001801421773018201439856008101621BR-BrBNA20260416175949.0260416b2019 bl.qr|pooa||| 00| 0 eng | aBR-BrBNAbeng aF04b3840 aF06 aP33 aFialho, Ricardo Cardoso aTeixeira, Rafael da Silva  aTeixeira, Ana Paula Mendes  aReis, Thalles Guimarães  aSilva, Ivo Ribeiro da  aFertilization and Irrigation Affect Soil Carbon under Eucalyptus Plantation in the Cerrado aPublicação on-line; 36 ref.; 2 tables; 2 illus.; Summary (En) a ABSTRACT This study aimed: i) to evaluate the influence of fertilization and irrigation management on eucalyptus plantations for soil carbon (C) dynamics; ii) to evaluate the impact of fertilization and irrigation management on eucalyptus plantations in the C allocation in depth compared to the Cerrado biome. This study was carried out in an eucalyptus plantation at the end of the third rotation (7 years), which received different fertilizations and irrigations, and a Cerrado area was used as reference. Soil samples were collected in trenches and the gases (CO2 and CH4) on the surface. The total organic carbon (TOC) is more influenced by the availability of water than nutrients. Soils under eucalyptus stands are more efficient at C stocks in depth than the Cerrado and act as a liquid drain of CO2 and CH4 from the atmosphere. Keywords: CO2, CH4, carbon management index, planted forests. aCARBONO aDIÓXIDO DE CARBONO aMETANO aFLORESTA aFERTILIDADE DO SOLO aIRRIGAÇÃO0 02929dRio de Janeiro-RJ Instituto de Florestas - UFRRJ 1994o2025-0452tFloresta e Ambiente (Brazil)x1415-0980 / ISSN 2179-8087 0nlinegv. 26(4) p. 1-10; (2019)wBR2026001202 uhttps://www.scielo.br/j/floram/a/kPrjdNTyvNBcRQhxVXvY6tn/?format=pdf&lang=en